| 000 | 00576nam a2200193Ia 4500 | ||
|---|---|---|---|
| 999 |
_c38848 _d38848 |
||
| 003 | GCL | ||
| 005 | 20240530103350.0 | ||
| 008 | 140319s9999 xx 000 0 ara d | ||
| 020 | _a4357299977 | ||
| 040 |
_aGCL / _cGCL |
||
| 082 | 0 | 4 |
_a239 _bن م |
| 100 | 1 | _aنظمى لوقا | |
| 245 | 1 | 0 |
_aمحمد فى حياته الخاصة / _cنظمى لوقا |
| 260 |
_aالقاهرة : _bمكتبة غريب |
||
| 300 |
_a142 ص ؛ _c20 سم |
||
| 650 | 0 | 4 | _aالسيرة النبوية |
| 650 | 0 | 4 | _aالرسول محمد صلى الله عليه وسلم |
| 942 |
_2ddc _cBK |
||